000 02121cam a22003494i 4500
003 PE-LiUPU
005 20250731183418.0
008 150625s r 000 0 d
035 _a(Sirsi) a34847
040 _aPE-LiUPU
_bspa
_cPE-LiUPU
_erda
082 0 4 _a780.92
_bC / S16
_221
100 1 _aSagardía, Ángel,
_d1901-1990,
_eautor.
245 1 0 _aPablo Luna /
_cAngel Sagardia.
264 1 _aMadrid :
_bEspasa-Calpe,
_c1978.
300 _a134 páginas :
_bilustraciones, fotos ;
_c16 cm.
336 _atext
_2rdacontent
337 _aunmediated
_2rdamedia
338 _avolume
_2rdacarrier
505 0 _aLos Años de Aragon. -Hacia Madrid en busca de la gloria. Triunfa con "Molinos de viento' y otras obras. -Los encantadores cadetes de la reina. -Direcior de orquesta y empresario del teafro de Ia zarzuela. -"Fe asombro de Damasco asombra a todos. -Nacimiento de el niño judio. -Pablo Luna. El Hombre. -La Oriental. Opereta "Benamor.. Tres Obras Precedieron A Benamor. -La Suite-Fantasia "Una noche en Cai.Aiavud. -Un homenaje en Zaragoza. -"La Picara Molinera.'. Mujer Fatal. -A Partir de 1930 Restringe su produccion. -Mi encuentro con el maestro. -Las Calatravas. liricas marquesas. -Musica Para Películas. -Pil Corlas. Salidas Del alma Plegarias. Jotas, canciones. -Imprevisto Fallecimiento a los sesenta y dos años. Y pensaba llegar a los novenfa y tres'. -Pequeña An Fol.(Kiia Del Extos Dedicados Al Maesi Ro. 01 1- Ginales De Escritores Famosos. - - El Pilar De L.A Victoria.', Libro De Manuel. Mm Hado, Obra Postuma De Luna.
526 _aP158
526 _aP146
526 _aP17
526 _aP12
526 _aP06
600 1 _aLuna, Pablo.
_d1879-1942
910 _a
942 _2ddc
_cBOOK
949 _a780.92 C / S16
_wDEWEY
_c1
_i23130
_lCCODEBUL1
_mBUL
_p00.00
_r0
_sY
_tBOOK
_u2015-06-25
_xBIBLIOTECA
_zUNKNOWN
_0COMPRA
_o.STAFF. Colección General
596 _a1
999 _a780.92 C / S16
_wDEWEY
_c42748
_i23130
_f2021-11-9
_g5
_lCCODEBUL1
_mBUL
_r0
_sY
_tBOOK
_u2015-6-25
_xEDUCACION
_zUNKNOWN
_0COMPRA
_o.STAFF. Colección General
_d42748
980 _81
_gALBERTO SANCHEZ Responsable de Automatización